Who Owns This Territory 3 (easy) Quiz Stats

 Plays Quiz not verified by Sporcle

Score 0/50 Timer 06:00
0 Plays Today
Territory Owner % Correct
GibraltarUnited Kingdom
88.8%
PalestineIsrael
86.5%
Canary IslandsSpain
85.4%
Western SaharaMorocco
84.3%
KaliningradRussia
83.1%
GuamUnited States of America
82%
JavaIndonesia
79.8%
MacauChina
78.7%
HonshuJapan
78.7%
BarbudaAntigua and Barbuda
76.4%
Faroe IslandsDenmark
75.3%
ReunionFrance
75.3%
Saint Pierre and MiquelonFrance
74.2%
Easter Island & Sala y GomezChile
71.9%
TobagoTrinidad and Tobago
71.9%
PrincipeSao Tome and Principe
71.9%
St BarthelemyFrance
70.8%
Midway IslandsUnited States of America
70.8%
South OssetiaGeorgia
68.5%
Pitcairn IslandsUnited Kingdom
67.4%
Christmas IslandAustralia
66.3%
MayotteFrance
66.3%
Wake IslandUnited States of America
66.3%
CuracaoNetherlands
65.2%
Johnston AtollUnited States of America
65.2%
Territory Owner % Correct
Balearic IslandsSpain
64%
LuzonPhilippines
64%
AlderneyUnited Kingdom
60.7%
Norfolk IslandAustralia
58.4%
Tristan da CunhaUnited Kingdom
56.2%
Baker IslandUnited States of America
56.2%
AbkhaziaGeorgia
56.2%
Heard and McDonald IslandsAustralia
55.1%
Palmyra AtollUnited States of America
55.1%
NiueNew Zealand
52.8%
Herm and SarkUnited Kingdom
51.7%
Nagorno-Karabakh RepublicAzerbaijan
48.3%
TransnistriaMoldova
48.3%
Cocos (Keeling) IslandsAustralia
46.1%
BonaireNetherlands
46.1%
TokelauNew Zealand
46.1%
Akrotiri and DhekiliaUnited Kingdom
44.9%
MindanaoPhilippines
44.9%
Aland IslandsFinland
40.4%
Bouvet IslandNorway
37.1%
Bassas da IndiaFrance
36%
SabaNetherlands
33.7%
Kiritimati (Christmas Island)Kiribati
33.7%
YapMicronesia
30.3%
AnjouanComoros
13.5%

You're not logged in!

Compare scores with friends on all Sporcle quizzes.
OR
Log In

Show Comments

Extras

Created Nov 13, 2010ReportNominate
Tags:easy, own, owner, territory

Top Quizzes Today


Score Distribution

Your Account Isn't Verified!

In order to create a playlist on Sporcle, you need to verify the email address you used during registration. Go to your Sporcle Settings to finish the process.

Report this User

Report this user for behavior that violates our Community Guidelines.

Details: